000 01395cam a2200229 4500
001 ABS63643
008 000000n2001 000 0 eng u
035 _a(Sirsi) u111495
100 _aMartin, J.
245 _aInformation for life cycle costing
260 _c2001
490 _aCSM (Chartered Surveyor Monthly)
_vMarch 2001, 34-35(2)
520 _aThere is an increasing need to analyse the life cycle costs of buildings from the earliest stage of a project. Pressure to do this is coming from a number of directions including recent government initiatives - PFI, Best Value tests and the "Rethinking Construction" report, and the private sector, which is demanding more predictability in the running costs of buildings. In this climate, provides guidance on where to obtain essential information on life cycle costing. Key sources noted include: the RICS guidance note on life-cycle costing and BCIS Online. A series of occupancy cost plans for typical buildings are also being produced by BMI. Includes graphs illustrating the information provided by BCIS Online, and a BMI occupancy cost plan. Provides a useful listing of other information sources on the subject.
590 _aABS
650 _aLIFE CYCLE COSTING
650 _aBCIS ONLINE ONWEB
650 _aBMI
650 _aGUIDANCE
650 _aRICS
690 _aBUILT ENVIRONMENT-BUILDING COSTS
942 _n0
999 _c66440
_d66440